Stsart-up-nation: The Story of Israel's Economic Miracle (Record no. 576755)

000 -LEADER
fixed length control field 00541nam a22001457a 4500
020 ## - INTERNATIONAL STANDARD BOOK NUMBER
International Standard Book Number 9780446541473
082 ## - DEWEY DECIMAL CLASSIFICATION NUMBER
Classification number 330.95694 SEN
100 ## - MAIN ENTRY--PERSONAL NAME
Personal name Senor, Dan
9 (RLIN) 69506
245 ## - TITLE STATEMENT
Title Stsart-up-nation: The Story of Israel's Economic Miracle
260 ## - PUBLICATION, DISTRIBUTION, ETC.
Place of publication, distribution, etc. New York
Name of publisher, distributor, etc. Twelve Hachette Book Group
Date of publication, distribution, etc. 2011
300 ## - PHYSICAL DESCRIPTION
Extent 309 P
650 ## - SUBJECT ADDED ENTRY--TOPICAL TERM
Topical term or geographic name entry element The Story of Israel's Economic Miracle Dan Senor & Saul Singer With A New Foreword By Shimon Peres and Afterword by Shimon Peres and Afterword by the Auther
9 (RLIN) 69507
700 ## - ADDED ENTRY--PERSONAL NAME
Personal name Singer, Saul
9 (RLIN) 69508
942 ## - ADDED ENTRY ELEMENTS (KOHA)
Koha item type Book
Holdings
Withdrawn status Lost status Damaged status Not for loan Collection code Permanent Location Current Location Shelving location Date acquired Total Checkouts Full call number Barcode Date last seen Price effective from Koha item type
          College of Electrical & Mechanical Engineering (CEME) College of Electrical & Mechanical Engineering (CEME) General Stacks 07/18/2019   330.95694 SEN CEME-49288 06/28/2021 06/28/2021 Book
          College of Electrical & Mechanical Engineering (CEME) College of Electrical & Mechanical Engineering (CEME) General Stacks 07/18/2019   330.95694 SEN CEME-49288-B 06/28/2021 06/28/2021 Book
© 2023 Central Library, National University of Sciences and Technology. All Rights Reserved.